000 00334nam a22001457a 4500
008 230720b ||||| |||| 00| 0 eng d
020 _a9780029051908
041 _aeng
080 _a101
082 _a101CHR
100 _a44
101 _aFILOZOF
245 _aIN THE PRESENCE OF THE CREATOR
_cCHRISTIANSON ,E G
942 _2udc
_cBK
999 _c60186
_d60186